Random North American Capitals - Statistics

General Stats
  • This quiz has been taken 54 times
  • The average score is 11 of 14
Answers on the Map
Answers color-coded by a green-red scale on the quiz's map according to % correct below.
 
Answer Stats
Answer % Correct
Mexico City
100%
Ottawa
98%
Washington D.C.
95%
Havana
93%
Nassau
83%
San Salvador
83%
Santo Domingo
83%
Tegucigalpa
73%
Managua
70%
Kingston
68%
Belmopan
65%
Port of Spain
65%
Kingstown
63%
Basseterre
55%
No matching quizzes found
Score Distribution
Percent of People with Each Score
Percentile by Number Answered
Your Score History
You have not taken this quiz